01162cam a22002891a 4500001001300000003000400013005001700017008004100034010001700075035002000092040004800112042001200160050002600172051001800198100003600216245010400252260003300356300002500389490007300414500015000487504005100637650004300688700002300731710003600754830006500790999001700855e 23000252 DLC20260227111214.0841027s1923 dcu f000 0 eng c ae 23000252  a(OCoLC)11319195 aU.S. Off. of Educ. LibrarycABAUdABAUdDLC apremarc00aL111b.A6 1923, no. 1 aLC4033.C5bW51 aWoolley, Helen Thompson,d1874-10aDiagnosis and treatment of young school failures /cby Helen Thompson Woolley and Elizabeth Ferris. aWashington :bG.P.O.,c1923. avi, 115 p. ;c23 cm.1 aBulletin / Dept. of the Interior, Bureau of Education ;v1923, no. 1 a"Prepared under the auspices of the Helen S. Trounstine Foundation, Cincinnati, constituting no. 8 in the Foundation's Series of Social Studies." aIncludes bibliographical references and index. 0aSlow learning childrenzUnited States.1 aFerris, Elizabeth.2 aHelen S. Trounstine Foundation. 0aBulletin (United States. Bureau of Education) ;v1923, no. 1 c20637d20637